Normal view
MARC view
- Earth movements and building
Entry Topical Term
001 - CONTROL NUMBER
- control field: 42907
003 - CONTROL NUMBER IDENTIFIER
- control field: NUST
005 - DATE AND TIME OF LATEST TRANSACTION
- control field: 20210314132446.0
008 - FIXED-LENGTH DATA ELEMENTS
- fixed length control field: 210314|| aca||aabn | a|a d
040 ## - CATALOGING SOURCE
- Original cataloging agency: NUST
- Transcribing agency: NUST
150 ## - HEADING--TOPICAL TERM
- Topical term or geographic name entry element: Earth movements and building
670 ## - SOURCE DATA FOUND
- Source citation: Work cat.: (NUST): Taylor, R.K. 42906, Ground movements and their effects on structures /, 1984.
